|
|
|
|
| LEADER |
02570nam a22005775i 4500 |
| 001 |
978-981-10-3821-1 |
| 003 |
DE-He213 |
| 005 |
20170216050452.0 |
| 007 |
cr nn 008mamaa |
| 008 |
170216s2017 si | s |||| 0|eng d |
| 020 |
|
|
|a 9789811038211
|9 978-981-10-3821-1
|
| 024 |
7 |
|
|a 10.1007/978-981-10-3821-1
|2 doi
|
| 040 |
|
|
|d GrThAP
|
| 050 |
|
4 |
|a TJ265
|
| 050 |
|
4 |
|a QC319.8-338.5
|
| 072 |
|
7 |
|a TGMB
|2 bicssc
|
| 072 |
|
7 |
|a SCI065000
|2 bisacsh
|
| 082 |
0 |
4 |
|a 621.4021
|2 23
|
| 100 |
1 |
|
|a Ming, Tingzhen.
|e author.
|
| 245 |
1 |
0 |
|a Pollutant Dispersion in Built Environment
|h [electronic resource] /
|c by Tingzhen Ming, Chong Peng, Tingrui Gong, Zhengtong Li.
|
| 264 |
|
1 |
|a Singapore :
|b Springer Singapore :
|b Imprint: Springer,
|c 2017.
|
| 300 |
|
|
|a VIII, 127 p. 74 illus.
|b online resource.
|
| 336 |
|
|
|a text
|b txt
|2 rdacontent
|
| 337 |
|
|
|a computer
|b c
|2 rdamedia
|
| 338 |
|
|
|a online resource
|b cr
|2 rdacarrier
|
| 347 |
|
|
|a text file
|b PDF
|2 rda
|
| 505 |
0 |
|
|a Fluid flow and heat transfer models in built environment -- Heat transfer and pollutant dispersion in built environment -- Energy generation and pollutant absorption in a novel building. .
|
| 520 |
|
|
|a This book discusses energy transfer, fluid flow and pollution in built environments. It provides a comprehensive overview of the highly detailed fundamental theories as well as the technologies used and the application of heat and mass transfer and fluid flow in built environments, with a focus on the mathematical models and computational and experimental methods. It is a valuable resource for researchers in the fields of buildings and environment, heat transfer and global warming.
|
| 650 |
|
0 |
|a Engineering.
|
| 650 |
|
0 |
|a Fluids.
|
| 650 |
|
0 |
|a Thermodynamics.
|
| 650 |
|
0 |
|a Heat engineering.
|
| 650 |
|
0 |
|a Heat transfer.
|
| 650 |
|
0 |
|a Mass transfer.
|
| 650 |
|
0 |
|a Environmental sciences.
|
| 650 |
|
0 |
|a Pollution prevention.
|
| 650 |
1 |
4 |
|a Engineering.
|
| 650 |
2 |
4 |
|a Engineering Thermodynamics, Heat and Mass Transfer.
|
| 650 |
2 |
4 |
|a Energy Efficiency.
|
| 650 |
2 |
4 |
|a Math. Appl. in Environmental Science.
|
| 650 |
2 |
4 |
|a Fluid- and Aerodynamics.
|
| 650 |
2 |
4 |
|a Industrial Pollution Prevention.
|
| 700 |
1 |
|
|a Peng, Chong.
|e author.
|
| 700 |
1 |
|
|a Gong, Tingrui.
|e author.
|
| 700 |
1 |
|
|a Li, Zhengtong.
|e author.
|
| 710 |
2 |
|
|a SpringerLink (Online service)
|
| 773 |
0 |
|
|t Springer eBooks
|
| 776 |
0 |
8 |
|i Printed edition:
|z 9789811038204
|
| 856 |
4 |
0 |
|u http://dx.doi.org/10.1007/978-981-10-3821-1
|z Full Text via HEAL-Link
|
| 912 |
|
|
|a ZDB-2-ENG
|
| 950 |
|
|
|a Engineering (Springer-11647)
|